000 02806cam a22005894i 4500
003 PE-LiUPU
005 20250731173504.0
008 150616s r 000 0 d
020 _a080662423X
_q(tapa rústica)
035 _a(Sirsi) i9780806624235
040 _aPE-LiUPU
_bspa
_cPE-LiUPU
_erda
049 _aPRUA
082 0 4 _a253.7
_bL37
_221
100 1 _aLee, Harris W.,
_eautor.
245 1 0 _aEffective Church Leadership :
_ba practical sourcebook /
_cHarris W. Lee.
264 1 _aMinneapolis :
_bAugsburg,
_c1989.
300 _a229 páginas :
_bilustraciones, diagrs., ;
_c22 centímetros.
336 _atext
_2rdacontent
337 _aunmediated
_2rdamedia
338 _avolume
_2rdacarrier
504 _aIncluye bibliografía.
505 0 _aLeadership and leaders -- What leaders need to know -- The people who lead -- Key leadership tasks -- Faith active in leadership
526 _aSEG42
526 _aSEG41
526 _aSEG40
526 _aSEG39
526 _aP94
526 _aP87
526 _aP86
526 _aP85
526 _aP77
526 _aP76
526 _aP35
650 0 4 _aLiderazgo cristiano.
910 _ajck
_bjvq
_cjck
942 _2ddc
_cBOOK
949 _a254 L37
_wDEWEY
_c1
_i56192
_lCCODEBUL1
_mBUL
_r0
_sY
_tBOOK
_u2015-6-16
_xTEOLOGIA
_zUNKNOWN
_0COMPRA
_o.STAFF. Colección General
949 _a254 L37
_wDEWEY
_c2
_i40406
_lCCODEBUL1
_mBUL
_r0
_sY
_tBOOK
_u2015-6-16
_xTEOLOGIA
_zUNKNOWN
_0COMPRA
_o.STAFF. Colección General
949 _a254 L37
_wDEWEY
_c3
_i40407
_lCCODEBUL1
_mBUL
_r0
_sY
_tBOOK
_u2015-6-16
_xTEOLOGIA
_zUNKNOWN
_0COMPRA
_o.STAFF. Colección General
949 _a254 L37
_wDEWEY
_c4
_i41740
_d2016-6-19
_e2016-6-19
_lCCODEBUL1
_mBUL
_n3
_r0
_sY
_tBOOK
_u2015-6-16
_xTEOLOGIA
_zUNKNOWN
_0COMPRA
_o.STAFF. Colección General
994 _aC0
_bPEPRU
596 _a1 4
999 _a254 L37
_wDEWEY
_c58212
_i56192
_f2021-11-10
_g5
_lCCODEBUL1
_mBUL
_r0
_sY
_tBOOK
_u2015-6-16
_xTEOLOGIA
_zUNKNOWN
_0COMPRA
_o.STAFF. Colección General
_d58212
999 _a254 L37
_wDEWEY
_c2
_i40406
_f2021-11-10
_g5
_lCCODEBUL1
_mBUL
_r0
_sY
_tBOOK
_u2015-6-16
_xTEOLOGIA
_zUNKNOWN
_0COMPRA
_o.STAFF. Colección General
999 _a254 L37
_wDEWEY
_c3
_i40407
_f2021-11-10
_g5
_lCCODEBUL1
_mBUL
_r0
_sY
_tBOOK
_u2015-6-16
_xTEOLOGIA
_zUNKNOWN
_0COMPRA
_o.STAFF. Colección General
999 _a253.7 L37 2015
_wLC
_c1
_iCW51814
_f2021-12-22
_g1
_lCCODECWL1
_mBWL
_p20.00
_r1
_sY
_tBOOK
_u2016-8-11
_xWHITE
_zUNKNOWN
_0COMPRA
_o.STAFF. Centro White
999 _a253.7 L37 2015
_wLC
_c2
_iCW00928
_f2021-12-22
_g4
_lCCODECWL1
_mBWL
_r0
_sY
_tBOOK
_u2018-12-4
_xWHITE
_zUNKNOWN
_0COMPRA
_o.STAFF. Centro White
980 _81
_gALBERTO SANCHEZ Responsable de Automatización